| 000 | 00386cam a2200145ua 4500 | ||
|---|---|---|---|
| 041 |
_aeng _h |
||
| 082 |
_a153.42 _bUTT/GR |
||
| 100 | _aUtterback, Willam E . | ||
| 245 |
_aGroup thinking and conference leadership / _cE William Utterback. _hTextual Documents |
||
| 260 |
_a : _bHolt Rnehet & Winston , _c1960. |
||
| 300 | _a246 ; . | ||
| 504 | _a | ||
| 942 | _cBK | ||
| 999 |
_c3282 _d3282 |
||